[Event "IECG QN.2000.0.00142"]
[Site "IECG email"]
[Date "2000.09.19"]
[Round "?"]
[White "Murtinho de Moraes, Bruno"]
[Black "Nunez, Francisco"]
[Result "1-0"]
[WhiteElo "800"]
[BlackElo "800"]
[PlyCount "39"]
[EventDate "2000.09.19"]
[EventType "tourn (corr)"]
[EventRounds "6"]
[SourceTitle "Corr 2008"]
[Source "ChessBase"]
[SourceDate "2008.06.24"]
[SourceVersion "1"]
[SourceVersionDate "2008.06.24"]
[SourceQuality "1"]

1. d4 Nf6 2. c4 g6 3. Nc3 Bg7 4. e4 d6 5. f3 0-0 6. Be3 b6 7. Bd3 Bd7 8. Nge2 a5 9. 0-0 Qe8 10. e5 Nc6 11. exf6 exf6 12. Qd2 f5 13. Nd5 Ra7 14. Bh6 Qd8 15. Bxg7 Kxg7 16. Rfe1 Rb7 17. Nef4 Nxd4 18. Qc3 c5 19. Ne2 Be6 20. Nxd4 1-0

[Event "IECG QN.2000.0.00142"]
[Site "IECG email"]
[Date "2000.09.19"]
[Round "?"]
[White "Sturdivant, Al"]
[Black "Nunez, Francisco"]
[Result "1-0"]
[WhiteElo "800"]
[BlackElo "800"]
[PlyCount "61"]
[EventDate "2000.09.19"]
[EventType "tourn (corr)"]
[EventRounds "6"]
[SourceTitle "Corr 2008"]
[Source "ChessBase"]
[SourceDate "2008.06.24"]
[SourceVersion "1"]
[SourceVersionDate "2008.06.24"]
[SourceQuality "1"]

1. e4 e5 2. Nf3 Nc6 3. Nc3 Nf6 4. Bc4 Bb4 5. 0-0 0-0 6. Nd5 Nxe4 7. d3 Nd4 8. Nxd4 exd4 9. dxe4 c5 10. Nxb4 cxb4 11. Qxd4 b6 12. Bd5 Rb8 13. Bf4 d6 14. Bxd6 Ba6 15. Bxb8 Bxf1 16. Bxa7 Bb5 17. Bxb6 Qb8 18. Bc5 Rd8 19. Rd1 b3 20. Bxf7+ Kxf7 21. Qxd8 Qxd8 22. Rxd8 bxc2 23. Be3 Bc6 24. f3 Ke7 25. Rd3 Ba4 26. b3 Bb5 27. Rc3 c1Q+ 28. Bxc1 Bd7 29. a4 h6 30. a5 Bb5 31. Rc7+ 1-0